000
00201 a2200097 4500
001
11960
100
_a
Granzow
245
_a
A Mirror of nazism
260
_a
_b
Victor gollancz
_c
090
_c
9214
_d
9214
942
_a
NUST-CAE
_c
M
_c
36061
999
_c
247033
_d
247033